<?xml version="1.0" encoding="UTF-8"?>
<marc:record xmlns:marc="http://www.loc.gov/MARC21/slim">
   <marc:leader>00000nam a2200000 a 4500</marc:leader>
   <marc:datafield ind1="1" ind2=" " tag="100">
      <marc:subfield code="a">Randl, Lola</marc:subfield>
      <marc:subfield code="4">aut</marc:subfield>
      <marc:subfield code="e">Verfasser/-in</marc:subfield>
   </marc:datafield>
   <marc:datafield ind1=" " ind2=" " tag="653">
      <marc:subfield code="a">Softcover / Belletristik/Gegenwartsliteratur (ab 1945)</marc:subfield>
   </marc:datafield>
   <marc:datafield ind1=" " ind2=" " tag="653">
      <marc:subfield code="a">Berlin</marc:subfield>
   </marc:datafield>
   <marc:datafield ind1=" " ind2=" " tag="653">
      <marc:subfield code="a">Uckermark</marc:subfield>
   </marc:datafield>
   <marc:datafield ind1=" " ind2=" " tag="653">
      <marc:subfield code="a">Nature Writing</marc:subfield>
   </marc:datafield>
   <marc:datafield ind1=" " ind2=" " tag="653">
      <marc:subfield code="a">Franz-Hessel Preis</marc:subfield>
   </marc:datafield>
   <marc:datafield ind1=" " ind2=" " tag="653">
      <marc:subfield code="a">Villa Massimo</marc:subfield>
   </marc:datafield>
   <marc:datafield ind1=" " ind2=" " tag="653">
      <marc:subfield code="a">Midlifecrisis</marc:subfield>
   </marc:datafield>
   <marc:datafield ind1=" " ind2=" " tag="653">
      <marc:subfield code="a">Menopause</marc:subfield>
   </marc:datafield>
   <marc:datafield ind1=" " ind2=" " tag="653">
      <marc:subfield code="a">Liebesleben</marc:subfield>
   </marc:datafield>
   <marc:datafield ind1=" " ind2=" " tag="653">
      <marc:subfield code="a">Leben mit Kindern</marc:subfield>
   </marc:datafield>
   <marc:datafield ind1=" " ind2=" " tag="653">
      <marc:subfield code="a">Dorfleben</marc:subfield>
   </marc:datafield>
   <marc:datafield ind1=" " ind2=" " tag="653">
      <marc:subfield code="a">Erzählende Literatur: Gegenwartsliteratur ab 1945</marc:subfield>
   </marc:datafield>
   <marc:datafield ind1="0" ind2="0" tag="245">
      <marc:subfield code="a">Der lebende Beweis</marc:subfield>
   </marc:datafield>
   <marc:datafield ind1="0" ind2="0" tag="245">
      <marc:subfield code="b">Roman</marc:subfield>
   </marc:datafield>
   <marc:datafield ind1="0" ind2="0" tag="245">
      <marc:subfield code="c">Lola Randl</marc:subfield>
   </marc:datafield>
   <marc:datafield ind1=" " ind2="1" tag="264">
      <marc:subfield code="a">Berlin</marc:subfield>
      <marc:subfield code="b">Matthes &amp; Seitz Berlin</marc:subfield>
      <marc:subfield code="c">2026</marc:subfield>
   </marc:datafield>
   <marc:datafield ind1=" " ind2=" " tag="250">
      <marc:subfield code="a">1. Auflage</marc:subfield>
   </marc:datafield>
   <marc:datafield ind1="1" ind2=" " tag="520">
      <marc:subfield code="a">Der lebende Beweis erzählt von einer Frau Mitte 40, die eine zunehmende Entfremdung verspürt – von ihrer Umgebung, ihrer Familie und von sich selbst. Zurückgezogen auf den Dachboden ihres Hauses, blickt sie auf das Dorf, in das sie einst voller Hoffnung gezogen ist. In dem Versuch, die Welt um sich herum und ihre Position darin neu zu begreifen, beginnt sie eine »wissenschaftliche Untersuchung des kollektiven Bewussten und Unbewussten des Ortes«.
In Begleitung des gewissenhaften Dorfchronisten, der esoterischen Pastorin und zweier Außenseiter begibt sie sich auf eine Reise in die Untiefen des abgelegenen Fleckens. Die Grenzen zwischen Beobachterin und Beobachtetem verschwimmen. Je tiefer sie in die Mechanismen des Dorfes eindringt, desto klarer wird: Ihre Forschung gilt nicht nur dem Ort, sondern auch ihrer eigenen Natur – und der Natur des Menschen überhaupt. Sie selbst wird zur »porösen Stelle«, durch die längst verdrängte Gespenster an die Oberfläche drängen. Was als rationale Analyse beginnt, destabilisiert sich zunehmend – denn die Strukturen, die sie zu entwirren sucht, erfassen sie selbst.

&lt;br&gt;

Der lebende Beweis ist eine Reflexion über soziale Dilemmata und die Durchlässigkeit der Grenzen zwischen Innen und Außen, Individuum und Kollektiv. Formen wir die Welt, oder formt sie uns? Oder ist das überhaupt ein Widerspruch?
</marc:subfield>
   </marc:datafield>
   <marc:datafield ind1=" " ind2=" " tag="020">
      <marc:subfield code="a">9783751810630</marc:subfield>
      <marc:subfield code="9">9783751810630</marc:subfield>
   </marc:datafield>
   <marc:datafield ind1=" " ind2=" " tag="020">
      <marc:subfield code="a">3751810633</marc:subfield>
      <marc:subfield code="9">3751810633</marc:subfield>
   </marc:datafield>
   <marc:datafield ind1=" " ind2=" " tag="041">
      <marc:subfield code="a">ger</marc:subfield>
   </marc:datafield>
   <marc:datafield ind1=" " ind2=" " tag="300">
      <marc:subfield code="a">188 Seiten</marc:subfield>
   </marc:datafield>
</marc:record>
